Największe miasta Zambii - Statystyki

Ogólne statystyki
  • Ten quiz został rozwiązany 7 razy
  • Średni wynik to 4 z 10
Statystyki odpowiedzi
# Populacja Miasto % Poprawnych
1. 1 747 152 Lusaka
100%
5. 185 246 Chingola
50%
10. 101 845 Kasama
50%
2. 501 360 Kitwe
50%
7. 134 349 Livingstone
50%
3. 451 246 Ndola
50%
4. 202 360 Kabwe
33%
9. 116 627 Chipata
17%
8. 130 076 Luanshya
17%
6. 151 309 Mufulira
17%
Nie znaleziono quizów pasujących do podanych kryteriów
Rozkład punktacji
Procent ludzi z każdym wynikiem
Percentyl według liczby udzielonych odpowiedzi
Twoja historia wyników
Nie rozwiązałeś tego quizu